Countries that Border Germany in Alphabetical Order - Statistics

General Stats
  • This quiz has been taken 26 times
  • The average score is 9 of 9
Answer Stats
Countries % Correct
Austria
100%
Belgium
96%
CzechRepublic
96%
Denmark
96%
France
96%
Luxembourg
96%
Netherlands
96%
Poland
96%
Switzerland
91%
No matching quizzes found
Score Distribution
Percent of People with Each Score
Percentile by Number Answered
Your Score History
You have not taken this quiz